Loading...
Games people play: the psychology of human relationships /
| Main Author: | |
|---|---|
| Format: | Printed Book |
| Language: | English |
| Published: |
Andre Deutsch Pocket Books distributing Co.,
1968.
|
| LEADER | 00479nam a2200133Ia 4500 | ||
|---|---|---|---|
| 008 | 150624b xxu||||| |||| 00| 0 eng d | ||
| 082 | |a 158.2 | ||
| 100 | |a Berne, Eric | ||
| 245 | |a Games people play: |b the psychology of human relationships / |c Eric Berne | ||
| 260 | |b Andre Deutsch Pocket Books distributing Co., |c 1968. | ||
| 300 | |a 192 p. | ||
| 942 | |c BK | ||
| 999 | |c 3108 |d 3108 | ||
| 952 | |0 0 |1 0 |2 ddc |4 0 |6 158_200000000000000_BER_G |7 0 |9 3107 |a UL |b UL |c ST2 |d 1998-08-28 |o 158.2 BER/G |p 5693 |r 2013-04-05 |y BK | ||